| 000 | 01040nam a2200229 a 4500 | ||
|---|---|---|---|
| 001 | 000015904 | ||
| 005 | 20200929164209.0 | ||
| 008 | 100222s1956 dr 001 0 spa d | ||
| 040 |
_aDO-SdBNP _bspa _cBNPHU |
||
| 082 |
_a342.729303 _bR426c,1956 |
||
| 110 | 2 |
_aRepública Dominicana _9447 |
|
| 240 | 1 | 0 | _aContitución |
| 245 | 1 | 0 | _aConstitución de la República Dominicana. |
| 260 |
_a[Ciudad Trujillo], República Dominicana : _bArte y Cine, _c1956. |
||
| 300 |
_a50 p. ; _c23 cm. |
||
| 500 | _aEdición especial preparada con ocasión de la primera convención nacioanal de abogados y notarios, como homenaje de gratitud, leartad y devoción al Padre de la Patria Nueva, Generalisimo Doctor Rafael L. Trujillo Molina en el año de Benefactor de la Patria | ||
| 590 | _aInventariado, 2019/VM | ||
| 651 | 4 |
_aRepública Dominicana _xConstitución _91008 |
|
| 651 | 4 |
_aRepública Dominicana _xReformas Constitucionales _935781 |
|
| 651 | 4 |
_aRepública Dominicana _zDerecho Constitucional _9449 |
|
| 910 | _aValidado. Control de calidad MFF | ||
| 999 |
_c15446 _d15446 |
||